000 00909cam a2200193 4500
001 WS110994
008 000000n 000 0 eng u
035 _a(Sirsi) u110994
110 _aInternational Accounting Standards Board
_94097
245 _aInternational Accounting Standards Board
520 _aSite for this organisation whose aim is to 'achieve uniformity In the accounting principles that are used by businesses and other organisations for financial reporting around the world'. Includes details of its work on investment property, a list of current IASC standards and details of their operating procedures.
650 _aINTERNATIONAL
650 _aINTERNATIONAL ACCOUNTING STANDARDS
650 _aINVESTMENT PROPERTY
650 _aORGANISATION
690 _aFINANCE AND INVESTMENT
856 4 0 _uhttps://www.iasc.org.uk
_zView the website free of charge at www.iasc.org.uk...
942 _n0
999 _c119791
_d119791